000 00580nam a2200181 i 4500
001 101845
003 ES-MaACL
005 20230906183007.0
007 t|
008 051026s1977 bl ||||1| por d
100 1 _aMelo, Veríssimo de.
_980016
245 1 0 _aR. G. do Norte /
_cVeríssimo de Melo.
260 _aRio de Janeiro :
_bMinistério de Educaçao e Cultura,
_c1977.
300 _a77 p., 7 lám. ;
_c22 cm.
500 _aPrecede al tít.: Folclore brasileiro.
710 1 _aBrasil.
_bMinistério da Educaçao e Cultura.
_92233
852 _aES-MaACL
_jA-9279
_bR.98635
999 _c101845
_d101845